00881 a2200169 4500003000500000005001700005040000900022082001200031100003100043245004800074260003500122300001500157505036400172942002100536999001900557952013500576NUST20221207154440.0 cNust a297,GIL aGilani, Syed Asad 9104369 aHow to be a true muslim /cSyed Asad Gilani aLahorebFerozons Pvt Lidc1987 av; 140 p.: aTrue Muslim (Page-1), What Is Islam (Page-15), Islamic Characteristics (Page-27), Glimpses Of The Doomsday (Page-41), Imagination Of The Hereafter (Page-49), Concern For The Hereafter (Page-67), Times Of A True Muslim (Page-89), Self Purification (Page-97), Display Of Servitude (Page-107), Service Obligations (Page-123), Reward Of Good Service (Page-131).  2ddccBKk297,GIL c193651d193651 00102ddc4070aMCSbMCScGENd2016-12-12l1o297,GILpMCS1997r2024-02-01s2024-01-09w2016-12-12yBKzAlmirah No.47, Shelf No.1